| 000 | 00574nam a2200193 a 4500 | ||
|---|---|---|---|
| 005 | 20140310183454.0 | ||
| 008 | 090803s19uu xx 00 eng d | ||
| 020 | _a0071453725 | ||
| 050 |
_aTS 156 _b.B775 2006 |
||
| 100 | _aBrussee, Warren | ||
| 245 |
_aAll about six sigma : _bthe easy way to get started / _cWarren Brussee |
||
| 260 |
_aNew York : _bMcGraw-Hill, _c2006. |
||
| 300 |
_a237 p. : _bill. ; _c24 cm. |
||
| 521 | _aBSBA | ||
| 650 | _aSix sigma (Quality control standard). | ||
| 650 | _aTotal quality management. | ||
| 942 |
_cBK _2lcc _kFOR |
||
| 999 |
_c23546 _d23546 |
||